| 000 | 00778nam a22002177a 4500 | ||
|---|---|---|---|
| 003 | OSt | ||
| 005 | 20260313024455.0 | ||
| 008 | 260313b |||||||| |||| 00| 0 eng d | ||
| 020 | _a928-0-439-93533-3 | ||
| 040 |
_aDWCL GS lib _cOC |
||
| 082 | _aM482 2005 | ||
| 100 | _aMEADOWS, DAISY | ||
| 245 |
_aSophie the sapphire fairy _cDAISY MEADOWS |
||
| 260 |
_aNewyork _bscholastic Inc _c2005 |
||
| 300 |
_a63p _c 20cm |
||
| 520 | _aRachel and Kirsty help Sophie, the sixth Jewel Fairy, recover her stolen sapphire from Jack Frost's goblins. | ||
| 650 | _athe Rainbow Magic series, specifically featuring as the sixth fairy in The Jewel Fairies collection. | ||
| 650 | _afriendship, perseverance, and the importance of wishes. | ||
| 700 | _aDAISY MEADOWS | ||
| 942 |
_2ddc _cFIC. _n0 |
||
| 999 |
_c9097 _d9097 |
||